| 000 | 00414nam a2200181Ia 4500 | ||
|---|---|---|---|
| 005 | 20250603144759.0 | ||
| 008 | 250603s9999 xx 000 0 und d | ||
| 020 | _a0-13-008650-9 | ||
| 050 | _aQA 76.9.D3 .K736/ | ||
| 100 | _aDavid M. Kroenke | ||
| 245 | 0 | _aDatabase Concepts | |
| 260 | _aNew Jersey | ||
| 260 | _bPrentice Hall | ||
| 260 | _c2003 | ||
| 300 | _a219 p | ||
| 650 | _aNew Jersey | ||
| 942 | _cBK | ||
| 999 |
_c39928 _d39928 |
||